Querétaro : memorias de un oficial del emperador Maximiliano /
Memorias de un oficial que estuvo a cargo de Maximiliano, emperador de México, por lo cual es una crónica directa, un testimonio personal que adquiere una validez especial por ser una fuente de primera mano. Describe los acontecimientos sucedidos en el sitio de Querétaro, desde que abandonan Morelia...
保存先:
| 第一著者: | |
|---|---|
| その他の著者: | |
| フォーマット: | 図書 |
| 言語: | スペイン語 |
| 主題: | |
| タグ: |
タグなし, このレコードへの初めてのタグを付けませんか!
|
MARC
| LEADER | 00000nam^a2200000^a^4500 | ||
|---|---|---|---|
| 001 | 000380818 | ||
| 005 | 20250526000000.0 | ||
| 009 | 20260310120620.044 | ||
| 037 | |a Acervo Xavier Clavigero | ||
| 041 | |a ESP | ||
| 082 | |a 972. 049 |b HAN | ||
| 100 | |a Hans, Alberto |e (autor) | ||
| 245 | 1 | 0 | |a Querétaro : |b memorias de un oficial del emperador Maximiliano / |c A. Hans ; tr. por L. Elízaga. |
| 264 | |a México : |b Imprenta de Francisco Díaz de León y Santiago White, |c 1869, c1869 | ||
| 300 | |a 250 p., 1 lámina ; |c 19.5 cm. | ||
| 336 | |a texto |b txt |2 rdacontenido | ||
| 337 | |a sin mediación |b n |2 rdamedio | ||
| 338 | |a volumen |b nc |2 rdasoporte | ||
| 501 | |a Encuadernación particular | ||
| 520 | |a Memorias de un oficial que estuvo a cargo de Maximiliano, emperador de México, por lo cual es una crónica directa, un testimonio personal que adquiere una validez especial por ser una fuente de primera mano. Describe los acontecimientos sucedidos en el sitio de Querétaro, desde que abandonan Morelia hasta la muerte del emperador. | ||
| 561 | |a Ex libris de Residentia Angelorum S.I. Mexici | ||
| 562 | |a Falta cubierta | ||
| 649 | |a XX | ||
| 650 | |a Militares Franceses - |x Memorias | ||
| 650 | |a Emperadores Mexicanos - |x Biografías | ||
| 650 | |a Jefes de Estado Mexicanos - |x Biografías | ||
| 650 | |a Nobles Europeos - |x Biografías | ||
| 650 | |a Querétaro - |x Historia - |y Siglo XIX | ||
| 650 | |a Querétaro - |x Historia - |y Intervención y Segundo Imperio, 1861-1867 | ||
| 650 | |a Querétaro - |x Historia - |y Regencia e Imperio, 1863-1867 | ||
| 650 | |a México - |x Historia - |y Siglo XIX | ||
| 650 | |a México - |x Historia - |y Intervención y Segundo Imperio, 1861-1867 | ||
| 650 | |a México - |x Historia - |y Regencia e Imperio, 1863-1867 | ||
| 650 | |a México - |x Historia - |y Sitio de Querétaro, 1867 - |x Tema Principal | ||
| 650 | |a López, Miguel | ||
| 650 | |a Márquez, Leonardo | ||
| 650 | |a Hans, Alberto | ||
| 650 | |a Habsburgo, Maximiliano de, |c Emperador de México - |x Tema Principal | ||
| 700 | |a Elízaga, Lorenzo |e (traducción) | ||
| 910 | |a Fondo General | ||
| 920 | |a Impresos - Libros | ||
| 930 | |a Libros Antiguos y Raros | ||
| 905 | |a 108 | ||
| 901 | |a 0500275688 |b IT2 |c LRA |u 20250526 | ||
| 902 | |a https://opac.biblio.iteso.mx/vufind/Record/000380818 | ||